| 000 | 01780cam a22005054i 4500 | ||
|---|---|---|---|
| 003 | PE-LiUPU | ||
| 005 | 20250731165601.0 | ||
| 008 | 150625s r 000 0 d | ||
| 020 | _a8497562739 | ||
| 035 | _a(Sirsi) i9788497562737 | ||
| 040 |
_aPE-LiUPU _bspa _cPE-LiUPU _erda |
||
| 049 | _aPRUA | ||
| 082 | 0 | 4 |
_a070.796 _bA35 _221 |
| 100 | 1 |
_aAlcoba, Antonio, _eautor. |
|
| 245 | 1 | 0 |
_aPeriodismo deportivo / _cAntonio Alcoba. |
| 264 | 1 |
_aMadrid : _bSíntesis, _c[2005]. |
|
| 300 |
_a205 páginas ; _c23 centímetros |
||
| 336 |
_atext _2rdacontent |
||
| 337 |
_aunmediated _2rdamedia |
||
| 338 |
_avolume _2rdacarrier |
||
| 490 | 0 |
_aPeriodismo especializado ; _v3 |
|
| 504 | _aBibliografía: p. [203]-205. | ||
| 505 | 0 | _aPor qué el deporte. -Expansión del deporte. -El complejo mundo de deporte. -El proceso informativio del deporte. -Los medios de comunicación y el deporte. | |
| 526 | _aSEG44 | ||
| 526 | _aSEG26 | ||
| 526 | _aP151 | ||
| 526 | _aP150 | ||
| 526 | _aP149 | ||
| 526 | _aP146 | ||
| 526 | _aP145 | ||
| 526 | _aP126 | ||
| 526 | _aP125 | ||
| 526 | _aP92 | ||
| 526 | _aP75 | ||
| 526 | _aP74 | ||
| 526 | _aP27 | ||
| 526 | _aP15 | ||
| 541 | _g001-026413; | ||
| 650 | 0 | 4 | _aPeriodismo deportivo. |
| 942 |
_2ddc _cBOOK |
||
| 949 |
_a070.796 A35 _wDEWEY _c1 _i57186 _d2016-5-20 _e2016-5-18 _lCCODEBUL1 _mBUL _n2 _p32.00 _r0 _sY _tBOOK _u2015-6-25 _xEDUCACION _PP07 _0COMPRA _o.STAFF. Colección General |
||
| 994 |
_aC0 _bPEPRU |
||
| 596 | _a1 | ||
| 999 |
_a070.796 A35 _wDEWEY _c46293 _i57186 _d46293 _e2018-9-7 _f2021-11-8 _g5 _lCCODEBUL1 _mBUL _n4 _p32.00 _q1 _r0 _sY _tBOOK _u2015-6-25 _xEDUCACION _PP07 _0COMPRA _o.STAFF. Colección General |
||
| 980 |
_81 _gALBERTO SANCHEZ Responsable de Automatización |
||